Movies Quiz

Random Movies or James Bond Quiz

Characters or Actresses James Bond has Slept with Quiz Stats

 Plays Quiz not verified by Sporcle

Score 0/56 Timer 10:00
0 Plays Today
Film Character % Correct
24 The Spy Who Loved MeUnnamed Log Cabin Girl
100%
25 The Spy Who Loved MeUnnamed Arab Girl
99.3%
38 The Living DaylightsUnnamed Girl on Yacht
99.3%
53 SkyfallUnnamed Heineken Girl
99.3%
8 GoldfingerPussy Galore
73.1%
49 Die Another DayJinx
72.4%
3 Dr. NoHoney Ryder
69.8%
48 The World Is Not EnoughDr. Christmas Jones
66.9%
51 Casino RoyaleVesper Lynd
66.3%
33 OctopussyOctopussy
66%
21 Live and Let DieSolitaire
59.4%
35 A View to a KillMay Day
57.7%
44 Tomorrow Never DiesParis Carver
54.1%
23 The Man with the Golden GunMary Goodnight
53.5%
29 MoonrakerHolly Goodhead
52.6%
56 SpectreDr. Madeleine Swann
52.4%
11 ThunderballDomino
51.3%
18 Diamonds Are ForeverTiffany Case
51.2%
15 On Her Majesty's Secret ServiceTracy di Vicenzo
51.1%
47 The World Is Not EnoughElektra King
50.5%
45 Tomorrow Never DiesWai Lin
48.1%
26 The Spy Who Loved MeAnya Amasova
48%
50 Die Another DayMiranda Frost
48%
7 GoldfingerJill Masterson
47.6%
4 From Russia With LoveTatiana Romanova
46.4%
22 The Man with the Golden GunAndrea Anders
45.7%
1 Dr. No / From Russia With LoveSylvia Trench
44.2%
14 You Only Live TwiceKissy Suzuki
43.3%
Film Character % Correct
42 GoldenEyeNatalya Simonova
42.2%
20 Live and Let DieRosie Carver
41.3%
37 A View to a KillStacey Sutton
41.1%
52 Quantum of SolaceStrawberry Fields
41%
40 Licence to KillPam Bouvier
40.6%
34 A View to a KillKimberley Jones
40.3%
55 SpectreLucia Sciarra
38.6%
12 You Only Live TwiceAki
38.1%
31 For Your Eyes OnlyMelina Havelock
36.7%
10 ThunderballFiona Volpe
35.6%
39 The Living DaylightsKara Milovy
32.5%
54 SkyfallSévérine
31.1%
19 Live and Let DieMiss Caruso
29.3%
41 Licence to KillLupe Lamora
29.1%
2 Dr. NoMiss Taro
27.5%
13 You Only Live TwiceHelga Brandt
26.2%
46 The World Is Not EnoughDr. Molly Warmflash
25%
32 OctopussyMagda
23.8%
16 On Her Majesty's Secret ServiceRuby (Clinic)
23.4%
27 MoonrakerCorinne Dufour
21.9%
30 For Your Eyes OnlyCountess Lisl von Schlaf
21.9%
9 ThunderballPatricia Fearing
18%
17 On Her Majesty's Secret ServiceNancy (Clinic)
16%
36 A View to a KillPola Ivanova
16%
6 From Russia With LoveZora (Gypsy)
15.7%
5 From Russia With LoveVida (Gypsy)
14.5%
28 MoonrakerManuela
13.7%
43 Tomorrow Never DiesInga Bergstrom
10.7%

You're not logged in!

Compare scores with friends on all Sporcle quizzes.
OR
Log In

Sporcle TV

Today on Sporcle TV


Watch our educational content, quiz creation guides, and fun videos on Sporcle TV.

Show Comments

Extras

Top Quizzes Today


Score Distribution

Your Account Isn't Verified!

In order to create a playlist on Sporcle, you need to verify the email address you used during registration. Go to your Sporcle Settings to finish the process.

Report this User

Report this user for behavior that violates our Community Guidelines.

Details: